000 00665nam a2200229Ia 4500
005 20220722122649.0
008 131103s9999 xx 000 0 und d
020 _a0 19 913328 x
_c6.50 pds
040 _aLoreto College
041 _aEnglish
082 _a526
_bMAT
100 _aMatthews , Hugh
245 _aGeographical data
_b sources , presentation and analysis
_cHugh Matthews and Lan Foster
260 _aOxford
_bOxford University Press
_c1989
300 _a140 p
_b ill. 49 figures ,tables
504 _aIncludes index
650 _aGeography -
651 _aMathametical geography -
700 _aFoster , Lan
850 _aLCLIB
942 _cBK
999 _c511
_d50990